| 000 | 00936nam a2200265 a 4500 | ||
|---|---|---|---|
| 005 | 20240919064548.0 | ||
| 008 | 041115s1996 es r 000 0 spa d | ||
| 020 | _a8481981672 (Los Libros de la Catarata) | ||
| 020 | _a9233033279 (UNESCO) | ||
| 035 | _aUPN01000136381 | ||
| 049 | _aUNE | ||
| 050 | 4 |
_aS213 _bS6.5 |
|
| 100 | 1 |
_aSouchon, Christian _930036 |
|
| 245 | 1 | 0 |
_aMódulo educativo sobre la desertización / _cChristian Souchon y Jean Paul Deleage. |
| 260 |
_aEspaña : _bUNESCO : _bLos Libros de la Catarata, _cc1996. |
||
| 300 |
_a124 p. : _bil. |
||
| 440 | 0 |
_aEducación ambiental ; _v16 |
|
| 500 | _a"Programa internacional de educación ambiental UNESCO-PNUMA" | ||
| 534 |
_pTítulo original: _tModule éducatif sur la désertification |
||
| 650 | 4 |
_aDESERTIZACION _923180 |
|
| 650 | 4 |
_aEducación ambiental _94338 |
|
| 650 | 4 |
_aSEQUIAS - _zAFRICA _923181 |
|
| 700 | 1 |
_aDeleage, Jean Paul, _ecoaut. |
|
| 905 | _aLibro | ||
| 999 |
_c108532 _d108532 |
||